000 00318nam a22001457a 4500
008 221124b ||||| |||| 00| 0 eng d
020 _a2901584265121
041 _aeng
080 _a610.73
082 _a610.73BLO
100 _a4
101 _aMJK
245 _aCLINICAL CODING WORKOUT
_cBLOCK J
942 _2udc
_cBK
999 _c59029
_d59029